000 00561nam a22001937a 4500
005 20130620121152.0
010 _aENG-107643
020 _a9789381588758
_c175.00
020 _a9381588757
_c175.00
035 _aEN-91176
037 _bDBAD/PUB
100 _aKhatri, Vikas
245 _aBaby and care :
_cby Vikas Khatri ; edited by Seema Gupta
_bchild health problems /
260 _bV and S Publishers
_c2012
270 _aF-2/16, Ansari Road, Daryagunj
_bNew Delhi
_e110002
300 _a195p.
_c24cm(pbk)
700 _aGupta, seema
942 _2ddc
_cEN
_mKHA
999 _c76802
_d76802